Heineken Cup Winners - Statistics

General Stats
  • This quiz has been taken 161 times
  • The average score is 10 of 17
Answer Stats
Year Winner % Correct
1996 Stade Toulousain
75%
2012 Leinster Rugby
73%
2006 Munster Rugby
66%
2008 Munster Rugby
64%
2011 Leinster Rugby
63%
2009 Leinster Rugby
61%
2010 Stade Toulousain
59%
2003 Stade Toulousain
58%
2005 Stade Toulousain
58%
2007 London Wasps
56%
1997 CA Brive
55%
2001 Leicester Tigers
55%
2002 Leicester Tigers
54%
2004 London Wasps
54%
1998 Bath Rugby
53%
1999 Ulster Rugby
53%
2000 Northampton Saints
47%
No matching quizzes found
Score Distribution
Percent of People with Each Score
Percentile by Number Answered
Your Score History
You have not taken this quiz